000 003030000a22001450004500
005 20120302064429.0
942 _cBOOK
100 _a Swami Budhananda
245 _a Mana ani tyacha nigraha
260 _aNagpur:Ramkrishna math
300 _a87p.
040 _aMar
365 _b5/-
650 _aMana
999 _c362135
_d362132